000 01052nji a22002657a 4500
005 20100910120428.0
006 a|||||r|||||00| 0
007 sd ammalaaahaa
008 100830t xxu||||| |||| 00| 0 eng d
028 _aN 55638
_bHis Master's Voice
035 _aGR-01831
040 _aSED
_cSED
100 _917455
_aMukesh
245 _aSambhandh /
_cby Mukesh ; music by O P Nayyar ; lyrics by Pradeep
_h[sound recording] :
246 _aसंबंध
260 _aDum Dum, India
_bHis Master's Voice
300 _a1 sound disc [Gramophone Recording]:
_banalog, 33 1/3 rpm
_c9.5 in. (MP)
_fGramophone Record
500 _aBrief Record
505 _aSide-1 अकेली हु में पिया आ (Akeli hu mein piya aa) (Asha Bhosle) --Side-२ चल अकेला (Chal akela) (Mukesh)
650 _aMotion Picture music
_zIndia
_91186
_xExcerpts
700 _917416
_aNayyar, O P
700 _917456
_aPradeep
942 _2ddc
_cGR
999 _c45047
_d45047